[Event "Top 16 Port Marly"]
[Site "Le Port Marly"]
[Date "2009.05.31"]
[Round "11.8"]
[White "Lefevre, Margaux"]
[Black "Nicoara, Malina"]
[Result "1/2-1/2"]
[WhiteElo "2021"]
[BlackElo "2167"]
[PlyCount "86"]
[EventDate "2009.??.??"]
[WhiteTeam "Drancy"]
[BlackTeam "Strasbourg"]

1. e4 Nf6 2. e5 Nd5 3. d4 d6 4. Nf3 Bg4 5. Be2 c6 6. O-O dxe5 7. Nxe5 Bf5 8. a3
Nd7 9. Nf3 e6 10. c4 N5b6 11. Nc3 Be7 12. Bf4 Nf6 13. h3 O-O 14. Bh2 Ne4 15.
Rc1 a5 16. Na4 Nxa4 17. Qxa4 Bd6 18. Bxd6 Qxd6 19. c5 Qc7 20. Ne5 Nf6 21. Nc4
Nd7 22. b4 axb4 23. Qxb4 Rfb8 24. Qc3 Be4 25. Ra1 Bd5 26. Nd2 b5 27. cxb6 Nxb6
28. Bd1 Na4 29. Bxa4 Rxa4 30. Rfb1 h6 31. Rb4 Rbxb4 32. axb4 Qa7 33. Rxa4 Qxa4
34. Kh2 Qd1 35. Qe3 Qc2 36. Nf3 Qc4 37. Qd2 f6 38. Qb2 Qf1 39. Qd2 g5 40. Ne1
Qc4 41. Qb2 Kg7 42. Kg1 Kf7 43. Qd2 Kg7 1/2-1/2

[Event "Top 16 Port Marly"]
[Site "Le Port Marly"]
[Date "2009.05.31"]
[Round "11.3"]
[White "Damljanovic, Branko"]
[Black "Pira, Davoud"]
[Result "1-0"]
[WhiteElo "2573"]
[BlackElo "2388"]
[PlyCount "97"]
[EventDate "2009.??.??"]
[WhiteTeam "Antibes"]
[BlackTeam "Lutece Echecs"]

1. d4 c5 2. d5 Nf6 3. Nc3 g6 4. e4 d6 5. f4 Bg7 6. Bb5+ Nfd7 7. a4 O-O 8. Nf3
Na6 9. O-O Nc7 10. Bc4 Nb6 11. Be2 Bg4 12. a5 Nd7 13. Kh1 Bxf3 14. Rxf3 Rb8 15.
Rh3 a6 16. g4 b5 17. axb6 Rxb6 18. Qe1 Re8 19. Qh4 Nf8 20. Nd1 e6 21. Qxd8 Rxd8
22. dxe6 Nfxe6 23. c3 d5 24. f5 Nf8 25. Bf4 Ne8 26. exd5 Rxd5 27. Rd3 Rxd3 28.
Bxd3 Nf6 29. h3 h5 30. g5 Nd5 31. Bg3 gxf5 32. Rxa6 Rxa6 33. Bxa6 Ne6 34. h4
Kh7 35. Bc4 Ndf4 36. Bxf4 Nxf4 37. Bxf7 Be5 38. Ne3 Kg7 39. Be8 Nd3 40. b3 f4
41. Nf5+ Kf8 42. Bxh5 Bxc3 43. Be2 Ne5 44. Bc4 Ng4 45. Kg2 Bd4 46. Kf3 Nh2+ 47.
Ke4 f3 48. g6 Bc3 49. h5 1-0

[Event "Top 16 Port Marly"]
[Site "Le Port Marly"]
[Date "2009.05.31"]
[Round "11.5"]
[White "Bijaoui, Manuel"]
[Black "Maleki, Nicolas"]
[Result "1-0"]
[WhiteElo "2409"]
[BlackElo "2175"]
[PlyCount "167"]
[EventDate "2009.??.??"]
[WhiteTeam "Antibes"]
[BlackTeam "Lutece Echecs"]

1. e4 c6 2. d4 d5 3. Nd2 dxe4 4. Nxe4 Bf5 5. Ng3 Bg6 6. h4 h6 7. Nf3 Nd7 8. h5
Bh7 9. Bd3 Bxd3 10. Qxd3 Ngf6 11. Bd2 Qc7 12. Ne4 e6 13. O-O-O O-O-O 14. g3
Nxe4 15. Qxe4 Bd6 16. c4 c5 17. d5 Nf6 18. Qc2 exd5 19. cxd5 Kb8 20. Bc3 Rhe8
21. Bxf6 gxf6 22. Nh4 Qa5 23. Kb1 Be5 24. Nf5 Bd4 25. d6 Qb6 26. f4 Re6 27.
Nxh6 Rdxd6 28. Nxf7 Rd7 29. h6 Rxf7 30. h7 Rxh7 31. Rxh7 a6 32. Rh2 Re3 33. Rg2
Rf3 34. Qd2 Qc7 35. Re1 Qh7+ 36. Ka1 Qh3 37. g4 Ka7 38. g5 Rxf4 39. g6 Rg4 40.
Rxg4 Qxg4 41. Qc2 f5 42. Rf1 Qxg6 43. Rxf5 Qg1+ 44. Qb1 Qe3 45. Qd1 Qh3 46. Rf3
Qg2 47. Rb3 Qf2 48. Qc1 Qh2 49. a4 Qg1 50. Qxg1 Bxg1 51. Kb1 b6 52. Rg3 Bd4 53.
Rg6 b5 54. b3 bxa4 55. bxa4 Bc3 56. Kc2 Bb4 57. Kb3 Kb7 58. Kc4 Ka7 59. Kd5 Kb7
60. Re6 a5 61. Rg6 Kc7 62. Rg7+ Kb6 63. Rg3 Kc7 64. Rg6 Kb7 65. Kc4 Kc7 66. Kb5
Kd7 67. Rc6 Kd8 68. Kc4 Ke7 69. Kd5 Kd7 70. Ra6 Ke7 71. Ra7+ Kf6 72. Rb7 Ba3
73. Rd7 Bb4 74. Ra7 Kg6 75. Rb7 Kf6 76. Rc7 Kf5 77. Rf7+ Kg6 78. Ke6 c4 79. Rf4
c3 80. Rg4+ Kh5 81. Kf5 Kh6 82. Rg3 Kh7 83. Kf6 Kh8 84. Kf7 1-0

[Event "Top 16 Port Marly"]
[Site "Le Port Marly"]
[Date "2009.05.31"]
[Round "11.6"]
[White "Lamorelle, Yves"]
[Black "Acher, Mathieu"]
[Result "1/2-1/2"]
[WhiteElo "2201"]
[BlackElo "2381"]
[Annotator ",Jordi"]
[PlyCount "61"]
[EventDate "2009.??.??"]
[WhiteTeam "Lutece Echecs"]
[BlackTeam "Antibes"]

1. e4 e5 2. Nf3 Nc6 3. Bc4 Nf6 4. d3 Be7 5. O-O O-O 6. Bb3 d6 7. c3 Na5 8. Bc2
c5 9. Nbd2 Nc6 10. Re1 Re8 11. Nf1 h6 12. h3 Bf8 13. Ng3 g6 14. d4 cxd4 15.
cxd4 exd4 16. Nxd4 Nxd4 17. Qxd4 Bg7 18. Qd3 Be6 19. Ba4 Qa5 20. Bxh6 Qxa4 21.
Bxg7 Kxg7 22. Qxd6 Rad8 23. Qe5 Qd4 24. Qg5 Nh7 25. Qb5 Re7 26. Rad1 Qxd1 27.
Rxd1 Rxd1+ 28. Kh2 Rd2 29. f4 Red7 30. Qe5+ Kg8 31. h4 {
Illisible. Nulle en 68 coups.} 1/2-1/2

[Event "Top 16 Port Marly"]
[Site "Le Port Marly"]
[Date "2009.05.31"]
[Round "11.7"]
[White "Perez, Flavio"]
[Black "Wunderman, Xavier"]
[Result "1/2-1/2"]
[WhiteElo "2275"]
[BlackElo "2215"]
[PlyCount "128"]
[EventDate "2009.??.??"]
[WhiteTeam "Antibes"]
[BlackTeam "Lutece Echecs"]

1. e4 c5 2. Nc3 Nc6 3. g3 g6 4. d3 Bg7 5. Be3 d6 6. Bg2 Nd4 7. Qd2 Rb8 8. Nd1
Bd7 9. c3 Nc6 10. Ne2 Nf6 11. h3 O-O 12. O-O b5 13. Bh6 b4 14. Bxg7 Kxg7 15.
Ne3 bxc3 16. bxc3 Qa5 17. Nc4 Qa4 18. f4 Na5 19. Ne3 Qa3 20. e5 Ne8 21. Nd5 e6
22. Nf6 Nxf6 23. exf6+ Kxf6 24. f5 gxf5 25. g4 Ke7 26. gxf5 e5 27. d4 cxd4 28.
f6+ Kd8 29. Qh6 Rg8 30. Qxh7 Rxg2+ 31. Kxg2 Rb2 32. Rf2 Be6 33. cxd4 Qe3 34.
Rc1 Nc4 35. Rc3 Bd5+ 36. Kg1 Qd2 37. Qg8+ Kd7 38. Qg4+ Be6 39. Qf3 e4 40. Qxe4
Qe1+ 41. Kg2 Rxe2 42. Rxe2 Qxc3 43. Qb7+ Kd8 44. Qb8+ Kd7 45. Qb7+ Kd8 46. Qe7+
Kc8 47. Rxe6 fxe6 48. Qxe6+ Kc7 49. f7 Qd2+ 50. Kf3 Qd3+ 51. Kf4 Qxd4+ 52. Kf5
Qf2+ 53. Kg5 Ne5 54. Qe7+ Nd7 55. h4 Qg3+ 56. Kh6 Qf4+ 57. Kg7 Qg4+ 58. Qg5
Qxg5+ 59. hxg5 d5 60. f8=Q Nxf8 61. Kxf8 d4 62. g6 d3 63. g7 d2 64. g8=Q d1=Q
1/2-1/2

[Event "Top 16 Port Marly"]
[Site "Le Port Marly"]
[Date "2009.05.31"]
[Round "11.8"]
[White "Dacalor, Aurelie"]
[Black "Cochet, Caroline"]
[Result "1-0"]
[WhiteElo "2038"]
[BlackElo "2052"]
[PlyCount "73"]
[EventDate "31.??.??"]
[WhiteTeam "Lutece Echecs"]
[BlackTeam "Antibes"]

1. d4 d5 2. c4 e6 3. Nc3 Nf6 4. Bg5 Nbd7 5. e3 Bb4 6. Bd3 c5 7. Nge2 Qa5 8. Bf4
cxd4 9. exd4 O-O 10. O-O dxc4 11. Bxc4 Nb6 12. Bb3 Nbd5 13. Nxd5 Nxd5 14. Bg3
Be7 15. Rc1 Bf6 16. Nc3 Bd7 17. Nxd5 exd5 18. Rc5 Qa6 19. Bxd5 Bb5 20. Re1 Rad8
21. Qb3 Ba4 22. Qxb7 Qxb7 23. Bxb7 Rxd4 24. b3 Bd7 25. h3 Be6 26. Rc2 g6 27.
Be5 Bxe5 28. Rxe5 Rd7 29. Bf3 Rfd8 30. Ra5 Kg7 31. Kh2 f6 32. Rc6 Kf7 33. Rca6
Bd5 34. Bxd5+ Rxd5 35. Rxa7+ R8d7 36. Rxd7+ Rxd7 37. Ra6 1-0

[Event "Top 16 Port Marly"]
[Site "Le Port Marly"]
[Date "2009.05.31"]
[Round "11.1"]
[White "Shoker, Samy"]
[Black "Kozakov, Mikhail"]
[Result "0-1"]
[WhiteElo "2404"]
[BlackElo "2457"]
[PlyCount "133"]
[EventDate "2009.??.??"]
[WhiteTeam "Grasse"]
[BlackTeam "Bois-Colombes"]

1. g3 e5 2. Bg2 Nf6 3. d3 d5 4. Nf3 Bd6 5. O-O O-O 6. Nc3 c6 7. e4 dxe4 8. Nxe4
Nxe4 9. dxe4 Bg4 10. h3 Bxf3 11. Bxf3 Na6 12. c3 Qe7 13. a4 Rfd8 14. Qc2 Nc7
15. a5 a6 16. Kg2 Bc5 17. Be2 Ba7 18. Bc4 Rd7 19. h4 h6 20. Qe2 Rad8 21. Qg4
Rd6 22. b3 Rf6 23. Qh5 Ne6 24. Ra2 Rg6 25. Kh2 Bb8 26. Be3 Kh8 27. b4 Bc7 28.
Raa1 Kg8 29. Rad1 Rxd1 30. Rxd1 Rf6 31. Kg2 Nf4+ 32. gxf4 exf4 33. Bd4 Qxe4+
34. Kf1 Rg6 35. Re1 Qg2+ 36. Ke2 c5 37. Bd5 f3+ 38. Bxf3 Qh3 39. Qxc5 Qe6+ 40.
Be3 Qa2+ 41. Kf1 Rf6 42. Be4 Qe6 43. Bd4 Qh3+ 44. Bg2 Qd3+ 45. Kg1 Re6 46. Be3
Bd6 47. Qd4 Qf5 48. Rd1 Be7 49. Qd5 Qg4 50. Rd4 Qe2 51. Qc4 Qe1+ 52. Kh2 g5 53.
Re4 Bd6+ 54. Kh3 Qg1 55. Rxe6 Qh2+ 56. Kg4 Qxh4+ 57. Kf3 Qxc4 58. Rxd6 f5 59.
Rd4 Qxc3 60. Ke2 f4 61. Bd5+ Kf8 62. Rc4 Qe5 63. Bxb7 fxe3 64. Be4 exf2 65.
Kxf2 g4 66. Bd3 g3+ 67. Kf3 0-1

[Event "Top 16 Port Marly"]
[Site "Le Port Marly"]
[Date "2009.05.31"]
[Round "11.2"]
[White "Landenbergue, Claude"]
[Black "Colovic, Aleksandar"]
[Result "1/2-1/2"]
[WhiteElo "2410"]
[BlackElo "2443"]
[PlyCount "23"]
[EventDate "31.??.??"]
[WhiteTeam "Bois-Colombes"]
[BlackTeam "Grasse"]

1. e4 e5 2. Nf3 Nc6 3. Nc3 Nf6 4. Bb5 Bb4 5. O-O O-O 6. Bxc6 dxc6 7. Nxe5 Re8
8. Nd3 Bxc3 9. dxc3 Nxe4 10. Qf3 Nd6 11. Bf4 Qf6 12. Rfe1 1/2-1/2

[Event "Top 16 Port Marly"]
[Site "Le Port Marly"]
[Date "2009.05.31"]
[Round "11.4"]
[White "Vuilleumier, Alexandre"]
[Black "Eliet, Nicolas"]
[Result "1/2-1/2"]
[WhiteElo "2312"]
[BlackElo "2429"]
[PlyCount "86"]
[EventDate "31.??.??"]
[WhiteTeam "Bois-Colombes"]
[BlackTeam "Grasse"]

1. e4 c6 2. d4 d5 3. Nc3 dxe4 4. Nxe4 Bf5 5. Ng3 Bg6 6. h4 h6 7. Nf3 Nd7 8. h5
Bh7 9. Bd3 Bxd3 10. Qxd3 e6 11. Bf4 Qa5+ 12. Bd2 Qc7 13. O-O-O O-O-O 14. Ne4
Ngf6 15. g3 Nc5 16. Nxc5 Bxc5 17. c4 Qe7 18. Ba5 Bb6 19. Bc3 Ng4 20. Qe2 Rhe8
21. Kb1 Bc7 22. Ne1 Nf6 23. Nd3 Nd7 24. Qg4 f5 25. Qh4 Qf7 26. Nf4 Nf6 27. f3
Bxf4 28. gxf4 Re7 29. Rdg1 Qe8 30. Rg6 Qd7 31. Qf2 Kb8 32. b3 Ka8 33. Ba5 b6
34. Bc3 Rf7 35. Kb2 b5 36. Ka1 bxc4 37. bxc4 Qd6 38. Qe3 Rb7 39. Bb2 Qb4 40.
Qc3 Qa4 41. Ba3 Rdb8 42. Bd6 Rd8 43. Ba3 Rdb8 1/2-1/2

[Event "Top 16 Port Marly"]
[Site "Le Port Marly"]
[Date "2009.05.31"]
[Round "11.6"]
[White "Derieux, Christian"]
[Black "Di Paolo, Raffaele"]
[Result "1-0"]
[WhiteElo "2144"]
[BlackElo "2339"]
[PlyCount "64"]
[EventDate "2009.??.??"]
[WhiteTeam "Bois-Colombes"]
[BlackTeam "Grasse"]

1. d4 Nf6 2. c4 g6 3. Nc3 Bg7 4. e4 d6 5. Nge2 O-O 6. Ng3 e5 7. d5 c6 8. Be2 a6
9. O-O cxd5 10. cxd5 Nbd7 11. Bg5 h6 12. Be3 h5 13. b4 h4 14. Nh1 Nh7 15. Qd2
Bf6 16. a4 Bg5 17. a5 f5 18. exf5 gxf5 19. Bxg5 Nxg5 20. f4 exf4 21. Qxf4 Ne5
22. Na4 Ng6 23. Qd4 f4 24. Nb6 f3 25. Bxf3 Nf4 26. Bg4 Nf3+ 27. Bxf3 Qg5 28.
Nf2 Rb8 29. Rac1 Bf5 30. Rc4 Bd3 31. Nxd3 Qxg2+ 32. Bxg2 Ne2+ 1-0

[Event "Top 16 Port Marly"]
[Site "Le Port Marly"]
[Date "2009.05.31"]
[Round "11.8"]
[White "Konopka, Jeremiasz"]
[Black "Forestier, Carole"]
[Result "0-1"]
[WhiteElo "2015"]
[BlackElo "2099"]
[PlyCount "62"]
[EventDate "31.??.??"]
[WhiteTeam "Bois-Colombes"]
[BlackTeam "Grasse"]

1. e4 e6 2. d4 d5 3. e5 c5 4. c3 Qb6 5. Nf3 Nc6 6. Bd3 cxd4 7. cxd4 Bd7 8. O-O
Nxd4 9. Nxd4 Qxd4 10. Nc3 a6 11. Qe2 Ne7 12. Kh1 Nc6 13. f4 Nb4 14. Rd1 Bc5 15.
Bb1 Qf2 16. Qxf2 Bxf2 17. a3 Nc6 18. Ra2 Ne7 19. b4 Ba7 20. Re2 Rc8 21. Bb2 Ng6
22. Bxg6 hxg6 23. h3 Rh4 24. Rf1 Rc4 25. g3 Rxh3+ 26. Kg2 Rh6 27. Nd1 Bc6 28.
g4 d4+ 29. Kg3 d3 30. Rd2 Re4 31. Rf3 Re1 0-1